[Event "HUN-chT2 Erkel 1718"]
[Site "Hungary"]
[Date "2018.05.06"]
[Round "11.8"]
[White "Vass, Lajos"]
[Black "Feher, Mihaly"]
[Result "1-0"]
[WhiteElo "2040"]
[BlackElo "1652"]
[PlyCount "47"]
[EventDate "2017.09.24"]
[EventType "team-tourn"]
[EventRounds "11"]
[EventCountry "HUN"]
[SourceTitle "EXT 2021"]
[Source "ChessBase"]
[SourceDate "2020.10.23"]
[SourceVersion "1"]
[SourceVersionDate "2020.10.23"]
[SourceQuality "1"]
[WhiteTeam "Budapest EAC"]
[BlackTeam "Szada GSBE"]
[WhiteTeamCountry "HUN"]
[BlackTeamCountry "HUN"]

1. e4 c5 2. c3 d6 3. d4 cxd4 4. cxd4 e6 5. Nf3 Nf6 6. Bd3 Be7 7. 0-0 Qc7 8. Nc3 a6 9. Re1 0-0 10. e5 dxe5 11. dxe5 Nd5 12. Bd2 Nc6 13. Rc1 f6 14. Nxd5 exd5 15. Qb3 Rd8 16. exf6 Bxf6 17. Ng5 h6 18. Qxd5+ Kh8 19. Nf7+ Qxf7 20. Qxf7 Rxd3 21. Qe8+ Kh7 22. Qe4+ g6 23. Qxd3 Bf5 24. Qb3 1-0

[Event "HUN-chT2 Erkel 1516"]
[Site "Hungary"]
[Date "2015.10.18"]
[Round "3.11"]
[White "Feher, Mihaly"]
[Black "Geresdi Horvath, Agoston"]
[Result "1/2-1/2"]
[WhiteElo "1681"]
[BlackElo "1276"]
[PlyCount "85"]
[EventDate "2015.09.13"]
[EventType "team-tourn"]
[EventRounds "11"]
[EventCountry "HUN"]
[SourceTitle "CBM 170 Extra"]
[Source "ChessBase"]
[SourceDate "2016.02.25"]
[SourceVersion "1"]
[SourceVersionDate "2016.02.25"]
[SourceQuality "1"]
[WhiteTeam "GSBE"]
[BlackTeam "Pestszentlorinc"]
[WhiteTeamCountry "HUN"]
[BlackTeamCountry "HUN"]

1. d4 g6 2. c4 Nf6 3. Nc3 Bg7 4. Nf3 d6 5. Bf4 Bf5 6. e3 0-0 7. Bd3 Bxd3 8. Qxd3 Re8 9. 0-0 Nbd7 10. h3 e5 11. dxe5 dxe5 12. Bg5 Qe7 13. e4 Rad8 14. Qc2 c6 15. Rad1 Nb6 16. b3 Rxd1 17. Rxd1 Rd8 18. Rxd8+ Qxd8 19. Nh2 Qd6 20. Be3 c5 21. Nd5 Nbd7 22. f3 b5 23. Qd2 Nxd5 24. cxd5 a5 25. g4 Nb6 26. Qxa5 Nd7 27. Nf1 Bf8 28. Qc3 Qf6 29. Kg2 h5 30. g5 Qd6 31. h4 f6 32. Qc1 fxg5 33. Bxg5 Nb6 34. Nd2 Be7 35. Nb1 c4 36. Bxe7 Qxe7 37. Qg5 Kf7 38. Qxe7+ Kxe7 39. bxc4 bxc4 40. Nc3 Kd6 41. Kf2 Kc5 42. Ke2 Kd4 43. Kd2 1/2-1/2